Using the PISE criterion to measure the effects of imbalance in the analysis of covariance /

Bibliographic Details
Main Author: Press, S. James
Corporate Authors: United States. Office of the Assistant Secretary of Defense (Manpower, Reserve Affairs, and Logistics), Rand Corporation
Format: Book
Language:English
Published: Santa Monica, CA : Rand, [1983]
Series:Rand note ; N-1890-MRAL.
Subjects:

MARC

Tag First Indicator Second Indicator Subfields
LEADER 00000cam a2200000 a 4500
001 in00001128233
005 20150930073647.0
008 830601s1983 caub b 000 0 eng d
035 |a (OCoLC)09565597 
035 |9 AFW7895AM 
040 |a SPI  |c SPI  |d m/c  |d TXA  |d UtOrBLW 
049 |a TXAM 
090 |a QA279  |b .P73 1983 
092 |a 519.5352  |b PRES 
100 1 |a Press, S. James. 
245 1 0 |a Using the PISE criterion to measure the effects of imbalance in the analysis of covariance /  |c S. James Press. 
264 1 |a Santa Monica, CA :  |b Rand,  |c [1983] 
300 |a ix, 23 pages :  |b maps ;  |c 28 cm. 
336 |a text  |b txt  |2 rdacontent 
337 |a unmediated  |b n  |2 rdamedia 
338 |a volume  |b nc  |2 rdacarrier 
490 1 |a A Rand note ;  |v N-1890-MRAL 
500 |a "February 1983." 
500 |a "Prepared for the Office of the Assistant Secretary of Defense/Manpower, Reserve Affairs and Logistics." 
500 |a "Contract number MDA903-80-C-0652" -- page 2 of Cover. 
504 |a Includes bibiliographical references. 
500 |a Label on cover: Rand Library Collection. 
650 0 |a Analysis of covariance. 
610 2 0 |a United States.  |b Army  |x Recruiting, enlistment, etc. 
710 1 |a United States.  |b Office of the Assistant Secretary of Defense (Manpower, Reserve Affairs, and Logistics) 
710 2 |a Rand Corporation. 
830 0 |a Rand note ;  |v N-1890-MRAL. 
999 |a MARS 
999 f f |s 2cd9e040-beab-3739-8a3e-f70b5014d7ab  |i d5f8b8b0-be7b-3413-af74-02138b9903cc  |t 0 
952 f f |p ric  |a Texas A&M University  |b Rellis Campus  |c Joint Library Facility  |d Remote Storage  |t 0  |e QA279 .P73 1983  |h Library of Congress classification  |i unmediated -- volume  |m A14818469663 
998 f f |a QA279 .P73 1983  |t 0  |l Remote Storage